000 00861nam a22002057a 4500
003 OSt
005 20250911175445.0
008 240208b ||||| |||| 00| 0 eng d
040 _c0
082 _aDPer 621.381 In821 April 2022 v. 37 n. 4
100 _aZhou, Mingde.
_eauthor.
_951951
245 _aAn H5-bridge-based laddered CLLC DCX with variable DC link for PEV charging application /
_cMingde Zhou, Dongdong Shu, and Haoyu Wang.
260 _aNew York ;
_bThe Institute of Electrical and Electronics Engineers, Inc. ,
_cApril 2022.
300 _aVolume 37, pages 4249-4260 :
_billustration ;
_c28 cm.
500 _aIEEE Transaction on Power Electronics, vol. 37, no. 4, pages 4249-4260, April 2022.
700 _aZhou, Mingde.
_eauthor.
_951951
700 _aShu, Dongdong.
_eauthor.
_951952
700 _aWang, Haoyu.
_eauthor.
_951953
942 _2ddc
_cPER
999 _c19020
_d19020